<?xml version="1.0" encoding="UTF-8"?>
<record
    xmlns:xsi="http://www.w3.org/2001/XMLSchema-instance"
    xsi:schemaLocation="http://www.loc.gov/MARC21/slim http://www.loc.gov/standards/marcxml/schema/MARC21slim.xsd"
    xmlns="http://www.loc.gov/MARC21/slim">

  <leader>01879nam a22002777a 4500</leader>
  <controlfield tag="003">DO-SdBNP</controlfield>
  <controlfield tag="005">20250520120032.0</controlfield>
  <controlfield tag="007">ta</controlfield>
  <controlfield tag="008">220204b1976       ||||e |||| 001 0 spa d</controlfield>
  <datafield tag="040" ind1=" " ind2=" ">
    <subfield code="a">DO-SdBNP</subfield>
    <subfield code="b">spa</subfield>
    <subfield code="c">BNPHU </subfield>
  </datafield>
  <datafield tag="082" ind1=" " ind2="4">
    <subfield code="a">370.15</subfield>
    <subfield code="b">A938p</subfield>
    <subfield code="2">22</subfield>
  </datafield>
  <datafield tag="100" ind1="1" ind2=" ">
    <subfield code="a">Ausubel, David Paul </subfield>
    <subfield code="9">81147</subfield>
  </datafield>
  <datafield tag="240" ind1=" " ind2=" ">
    <subfield code="a"> Educational psychology : a cognitive view </subfield>
    <subfield code="l">Espa&#xF1;ol</subfield>
  </datafield>
  <datafield tag="245" ind1="1" ind2="0">
    <subfield code="a">Psicolog&#xED;a educativa :</subfield>
    <subfield code="b">un punto de vista cognoscitivo /</subfield>
    <subfield code="c">David Paul Ausubel ; trad. Roberto Helier Dom&#xED;nguez</subfield>
  </datafield>
  <datafield tag="260" ind1=" " ind2=" ">
    <subfield code="a">M&#xE9;xico : </subfield>
    <subfield code="b">Trillas,</subfield>
    <subfield code="c">1978.</subfield>
  </datafield>
  <datafield tag="300" ind1=" " ind2=" ">
    <subfield code="a">769 p. : </subfield>
    <subfield code="c">23 cm</subfield>
  </datafield>
  <datafield tag="500" ind1=" " ind2=" ">
    <subfield code="a">Incluye referencias bibliogr&#xE1;ficas y notas al pie de las p&#xE1;ginas</subfield>
  </datafield>
  <datafield tag="500" ind1=" " ind2=" ">
    <subfield code="a">Incluye &#xED;ndices</subfield>
  </datafield>
  <datafield tag="504" ind1=" " ind2=" ">
    <subfield code="a">Bibliograf&#xED;a : p. 673- 740.</subfield>
  </datafield>
  <datafield tag="505" ind1=" " ind2=" ">
    <subfield code="a">INTRODUCCI&#xD3;N:</subfield>
    <subfield code="t">1. La funci&#xF3;n y los alcances de la psicolog&#xED;a educativa  --</subfield>
    <subfield code="g">SIGNIFICADO Y APRENDIZAJE SIGNIFICATIVO </subfield>
    <subfield code="t">Significado y aprendizaje significativo  --</subfield>
    <subfield code="t">Retenci&#xF3;n y aprendizaje sognificativo por recepci&#xF3;n --</subfield>
    <subfield code="g">FACTORES COGNOSCITIVA EN EL APRENDIZAJE </subfield>
    <subfield code="t">Estructura cognoscitiva y transferencia </subfield>
    <subfield code="t">Desarrollo cognoscitivo --</subfield>
    <subfield code="t">La capacidad intelectual --</subfield>
    <subfield code="t">Providencias que se toman respecto de las diferencias individuales de capacidad intelectual --</subfield>
    <subfield code="t">La pr&#xE1;ctica --</subfield>
    <subfield code="t">Materiales did&#xE1;cticos --</subfield>
    <subfield code="g">FACTORES AFECTIVOS Y SOCIALES DEL APRENDIZAJE </subfield>
    <subfield code="t">FacToras motivacionales del aprendizaje --</subfield>
    <subfield code="t">Factores de la personalidad en el aprendizaje -- </subfield>
    <subfield code="t">Factores de grupo y sociales del aprendizaje -- </subfield>
    <subfield code="t">Caracter&#xED;sticas del profesor --</subfield>
    <subfield code="g">APRENDIZAJE POR DESCUBRIMIENTO </subfield>
    <subfield code="t">El aprendizaje por descubrimiento --</subfield>
    <subfield code="t">La adquisici&#xF3;n y el uso del conocimiento --</subfield>
    <subfield code="t">Soluci&#xF3;n de problemas y creatividad --</subfield>
    <subfield code="t">Principios de la medici&#xF3;n y la evaluaci&#xF3;n.</subfield>
  </datafield>
  <datafield tag="590" ind1=" " ind2=" ">
    <subfield code="a">Inventariado, 2022 / SA</subfield>
  </datafield>
  <datafield tag="650" ind1=" " ind2="0">
    <subfield code="a">Psicopedagog&#xED;a</subfield>
    <subfield code="9">1570</subfield>
  </datafield>
  <datafield tag="700" ind1="1" ind2=" ">
    <subfield code="a">Dom&#xED;nguez, Roberto Helier </subfield>
    <subfield code="9">81148</subfield>
    <subfield code="e">tr.</subfield>
  </datafield>
  <datafield tag="910" ind1=" " ind2=" ">
    <subfield code="a">Saquino/Validado, 2022/MFF</subfield>
  </datafield>
  <datafield tag="942" ind1=" " ind2=" ">
    <subfield code="2">ddc</subfield>
    <subfield code="c">LBS1</subfield>
  </datafield>
  <datafield tag="952" ind1=" " ind2=" ">
    <subfield code="0">0</subfield>
    <subfield code="1">0</subfield>
    <subfield code="2">ddc</subfield>
    <subfield code="5">6</subfield>
    <subfield code="7">0</subfield>
    <subfield code="8">GR</subfield>
    <subfield code="a">BNPHU</subfield>
    <subfield code="b">BNPHU</subfield>
    <subfield code="c">HD</subfield>
    <subfield code="d">2015-07-21</subfield>
    <subfield code="e">Donado por Barbara Suncar </subfield>
    <subfield code="l">0</subfield>
    <subfield code="o">BNPHU GR 370.15 A938p</subfield>
    <subfield code="p">2022-0611</subfield>
    <subfield code="r">2022-02-04</subfield>
    <subfield code="w">2022-02-04</subfield>
    <subfield code="y">LBS1</subfield>
  </datafield>
  <datafield tag="999" ind1=" " ind2=" ">
    <subfield code="c">51344</subfield>
    <subfield code="d">51344</subfield>
  </datafield>
</record>
